00513nam a2200169Ia 4500003000400000008004100004040001600045082001800061100002100079245006700100700002100167260004900188300001000237650003300247650003100280650003200311GCL140319s9999 xx 000 0 eng d aGCL / cGCL04a589.2079bM F1 aMCKNIGHT, KENT H10aA FIELD GUIDE TO MUSHROOMS: NORTH AMERICA / cMCKNIGHT, KENT H1 aMCKNIGHT, VERA B a[S.N] : bHOUGHTON MIFFLIN COMPANY ، c1987 a429 P04aNATIONAL WILDLIFE FEDERATION04aMUSHROOMS - IDENTIFICATION04aMUSHROOMS - PICTORIAL WORKS